Update on JCT standard forms of contract in the UK - revisions and new forms since 1998 (Record no. 73151)

MARC details
000 -LEADER
fixed length control field 01026cam a2200217 4500
001 - CONTROL NUMBER
control field ABS66867
008 - FIXED-LENGTH DATA ELEMENTS--GENERAL INFORMATION
fixed length control field 030801n2003 000 0 eng u
035 ## - SYSTEM CONTROL NUMBER
System control number (Sirsi) u123176
100 ## - MAIN ENTRY--PERSONAL NAME
Personal name Lupton, S.
245 ## - TITLE STATEMENT
Title Update on JCT standard forms of contract in the UK - revisions and new forms since 1998
260 ## - PUBLICATION, DISTRIBUTION, ETC.
Date of publication, distribution, etc. 2003
490 ## - SERIES STATEMENT
Series statement International Construction Law Review
Volume/sequential designation 20(3) July 2003, 430-441(12)
520 ## - SUMMARY, ETC.
Summary, etc. Outlines the scope of the JCT 1998, its revisions, subsequent amendments to those editions and the new forms. Clear summaries of JCT forms are available according to the procurement route and a detailed list and table of current forms.
590 ## - LOCAL NOTE (RLIN)
Local note ABS
650 ## - SUBJECT ADDED ENTRY--TOPICAL TERM
Topical term or geographic name entry element BUILT ENVIRONMENT-BUILDING CONTRACT FORMS-STANDARD FORMS OF BUILDING CONTRACT-JOINT CONTRACTS TRIBNUAL CONTRACTS
650 ## - SUBJECT ADDED ENTRY--TOPICAL TERM
Topical term or geographic name entry element JCT STANDARD FORM OF BUILDING CONTRACT (1998 EDITION)
650 ## - SUBJECT ADDED ENTRY--TOPICAL TERM
Topical term or geographic name entry element BUILT ENVIRONMENT-BUILDING CONTRACT FORMS
690 ## - LOCAL SUBJECT ADDED ENTRY--TOPICAL TERM (OCLC, RLIN)
Topical term or geographic name as entry element BUILT ENVIRONMENT-BUILDING CONTRACT FORMS
700 ## - ADDED ENTRY--PERSONAL NAME
Personal name Cox, S.
942 ## - ADDED ENTRY ELEMENTS (KOHA)
Suppress in OPAC 0
Holdings
Withdrawn status Lost status Source of classification or shelving scheme Damaged status Not for loan Home library Current library Shelving location Date acquired Total Checkouts Full call number Barcode Date last seen Copy number Price effective from Koha item type
    Dewey Decimal Classification     London London Journal article 01/08/2003   ABS66867 123176-1001 06/08/2019 1 06/08/2019 Journal article